Explorers and their Ladies (ships) - Statistics

General Stats
  • This quiz has been taken 11 times
  • The average score is 5 of 9
Answer Stats
Hint Answer % Correct
Christopher Columbus Santa Maria
100%
Neil Armstrong Apollo 11
89%
Francis Drake Golden Hind
89%
Captain James Cook Endeavour
78%
Ernest Shackleton Endurance
56%
Roald Amundsen Fram
44%
Ferdinand Magellan Victoria
22%
Abel Tasman Heemskerck
11%
Vasco Da Gama Sao Gabriel
11%
No matching quizzes found
Score Distribution
Percent of People with Each Score
Percentile by Number Answered
Your Score History
You have not taken this quiz